000 00488nmm a2200169Ia 4500
008 251105s9999||||xx |||||||||||||||||und||
020 _a9788490072813
041 _aspa
100 _aPérez Galdós, Benito
245 0 _aEpisodios Nacionales I. La batalla de los Arapiles
264 _a[Madrid, España] :
_bLinkgua,
_c2013
300 _a268 páginas
490 _aNarrativa
650 _aSpanish narrative
856 _uhttps://public.digitaliapublishing.com/a/24225
942 _cCF
999 _c87233
_d87233